Football (Soccer) BPL Captains 14/15 - Statistics

General Stats
  • This quiz has been taken 515 times
  • The average score is 9 of 20
Answer Stats
Hint Answer % Correct
Manchester United Rooney
89%
Liverpool Gerrard
87%
Chelsea Terry
87%
Manchester City Kompany
85%
Arsenal Arteta
60%
Everton Jagielka
59%
Leicester City Morgan
54%
Stoke City Shawcross
43%
Swansea City Williams
43%
West Ham United Nolan
38%
Southampton Fonte
36%
Crystal Palace Jedinak
34%
Queens Park Rangers Barton
31%
Sunderland O'Shea
30%
Tottenham Hotspur Kaboul
25%
Hull City Davies
22%
West Bromwich Albion Brunt
20%
Newcastle United Coloccini
20%
Aston Villa Vlaar
16%
Burnley Shackell
12%
No matching quizzes found
Score Distribution
Percent of People with Each Score
Percentile by Number Answered
Your Score History
You have not taken this quiz